Reigning in life as a king. (Record no. 12730)

000 -LEADER
fixed length control field 00537nam a2200181 a 4500
001 - CONTROL NUMBER
control field :::00010544$&:&@@
003 - CONTROL NUMBER IDENTIFIER
control field OkBaRHE
005 - DATE AND TIME OF LATEST TRANSACTION
control field 20000607103400.0
008 - FIXED-LENGTH DATA ELEMENTS--GENERAL INFORMATION
fixed length control field s1984 j 000 0 eng u
040 ## - CATALOGING SOURCE
Transcribing agency
100 1# - MAIN ENTRY--PERSONAL NAME
Personal name Osteen, John.
245 10 - TITLE STATEMENT
Title Reigning in life as a king.
260 ## - PUBLICATION, DISTRIBUTION, ETC. (IMPRINT)
Place of publication, distribution, etc Houston, TX., :
Name of publisher, distributor, etc John Osteen Publications
Date of publication, distribution, etc c1984
300 ## - PHYSICAL DESCRIPTION
Extent 140 p. ;
Dimensions 21 cm.
650 ## - SUBJECT ADDED ENTRY--TOPICAL TERM
Topical term or geographic name as entry element Christian Life
942 ## - ADDED ENTRY ELEMENTS (KOHA)
Source of classification or shelving scheme
Koha item type Books
Copies
Permanent Location Date last seen Copy number Barcode Lost status Source of classification or shelving scheme Date acquired Price effective from Withdrawn status Shelving location Full call number Koha item type Damaged status Not for loan
RHEMA Bible Training College2010-04-14110544  2010-04-142010-04-14 General StacksBV 4501 .O8Books